Sexually speaking / (Record no. 177094)

MARC details
000 -LEADER
fixed length control field 00616nam a2200205 4500
001 - CONTROL NUMBER
control field vtls001576260
003 - CONTROL NUMBER IDENTIFIER
control field MY-SjTCS
005 - DATE AND TIME OF LATEST TRANSACTION
control field 20200226121129.0
008 - FIXED-LENGTH DATA ELEMENTS--GENERAL INFORMATION
fixed length control field 110218 1999 mau 00 eng
020 ## - INTERNATIONAL STANDARD BOOK NUMBER
International Standard Book Number 0072893478
039 #9 - LEVEL OF BIBLIOGRAPHIC CONTROL AND CODING DETAIL [OBSOLETE]
Level of rules in bibliographic description 201910031524
Level of effort used to assign nonsubject heading access points dianafitri
Level of effort used to assign subject headings 201102181233
Level of effort used to assign classification VLOAD
-- 200407271902
-- VLOAD
082 04 - DEWEY DECIMAL CLASSIFICATION NUMBER
Classification number 306.70973
Item number MAN
100 1# - MAIN ENTRY--PERSONAL NAME
Personal name Mannino, J. Davis.
9 (RLIN) 9171
245 10 - TITLE STATEMENT
Title Sexually speaking /
Statement of responsibility, etc. J. Davis Mannino
260 ## - PUBLICATION, DISTRIBUTION, ETC.
Place of publication, distribution, etc. Boston :
Name of publisher, distributor, etc. McGraw-Hill College,
Date of publication, distribution, etc. c1999
300 ## - PHYSICAL DESCRIPTION
Extent x , 340 p. ;
Dimensions 28 cm.
650 #0 - SUBJECT ADDED ENTRY--TOPICAL TERM
Topical term or geographic name entry element Sex (Psychology)
9 (RLIN) 3079
650 #0 - SUBJECT ADDED ENTRY--TOPICAL TERM
Topical term or geographic name entry element Sex
Geographic subdivision United States.
920 ## - Programme
Programme ADP : 92111
Holdings
Withdrawn status Lost status Source of classification or shelving scheme Damaged status Not for loan Home library Current library Date acquired Total Checkouts Barcode Date last seen Date last checked out Copy number Uniform Resource Identifier Koha item type Public note
    Dewey Decimal Classification     Taylor's Library-TU Taylor's Library-TU 27/07/2004 10 5000006916 12/12/2019 19/04/2013 1 Floor 3, Shelf 4, Side 2, TierNo 6, BayNo 7 Main Collection SLASx,05000,03,GR